| 000 | 00373nam a22001217a 4500 | ||
|---|---|---|---|
| 082 |
_a345.54910234 _bCHA |
||
| 100 | _aChaudhary, Abdul Wahid | ||
| 245 |
_aLatest Commentary on The Contempt of Court Act, 1976 / _cAbdul Wahid Chaudhary |
||
| 260 |
_aLahore : _bLahore Law Times Publications, _c1999. |
||
| 300 |
_a272 p. ; _c24 cm. |
||
| 563 | _aHB. | ||
| 942 |
_2ddc _cBK |
||
| 999 |
_c616053 _d616053 |
||